| 000 | 01159nam a2200289 i 4500 | ||
|---|---|---|---|
| 001 | 5398 | ||
| 003 | ES-MaACL | ||
| 005 | 20230906144551.0 | ||
| 007 | t| | ||
| 008 | 880610s1987 sp af ||||0| spa d | ||
| 020 | _a84-505-5020-3 | ||
| 080 | _a061.46:7(44)"1970/1985" | ||
| 080 | _a7(44)"1970/1985":061.46 | ||
| 245 | 0 | 0 |
_aNueve artistas franceses 87 _b: [catalogo de la exposicion organizada en el] Museo Español de Arte Contemporaneo, Madrid, y en la Sala Parpallo, Valencia / _cAlberola [et al.]. |
| 260 |
_aMadrid : _bMinisterio de Cultura, Direccion General de Bellas Artes y Archivos, _c1987. |
||
| 300 |
_a73 p., 1 h. : _bprincipalmente il. ; _c30 cm. |
||
| 650 | 4 |
_aArte francés- _yS.XX- _vExposiciones. _910211 |
|
| 655 | 7 |
_2tgfbne _9193628 _aCatálogos de exposiciones |
|
| 700 | 1 |
_aAlberola, Jean-Michel. _919291 |
|
| 710 | 2 |
_aMuseo Español de Arte Contemporáneo. _95876 |
|
| 710 | 2 |
_aSala Parpalló. _96482 |
|
| 710 | 1 |
_aEspaña. _bDirección General de Bellas Artes y Archivos. _93708 |
|
| 740 | 0 | _a9 Artistas franceses. | |
| 852 |
_aES-MaACL _jL-12161 _bR.113074 _z. - Rust. |
||
| 942 | _2udc | ||
| 999 |
_c5398 _d5398 |
||